[Event "Tourn. n8988"]
[Site "www.chess-mail.com"]
[Date "2016.11.02"]
[Round "1"]
[White "Llcervello"]
[Black "Falcoale"]
[WhiteElo "1670"]
[BlackElo "1600"]
[Result "0-1"]
[Round "1"]
1.e4 c5
2.c4 e6
3.Nb1c3 Nb8c6
4.a3 Ng8f6
5.d3 b6
6.Bc1f4 Bc8b7
7.Qd1b1 Bf8e7
8.Nc3b5 d6
9.b4 e5
10.Bf4e3 a6
11.Nb5c3 Nc6d4
12.g3 O-O
13.h4 Nf6g4
14.Be3xd4 exd4
15.Nc3e2 f5
16.f3 Ng4e3
17.bxc5 dxc5
18.Bf1h3 fxe4
19.dxe4 d3
20.Qb1c1 Ne3c2
21.Kf2 Bb7xe4
22.Bh3e6 Kh8
23.Ne2f4 d2
24.Qc1f1 Qd8d4
25.Ke2 Rf8xf4
26.Ra1d1 Be4d3
27.Kxd2 Bd3xf1
28.Kxc2 Qd4f2
29.Rd1d2 Qf2e3
30.gxf4 Be7f6
31.Ng1e2 Qe3xe6
32.Rh1xf1 Qe6xc4
33.Kd1 Qc4b3
34.Ke1 Ra8e8
35.Kf2 Qb3e3
36.Kg2 Qe3xd2
{ resign }
0-1

[Event "Tourn. n8991"]
[Site "www.chess-mail.com"]
[Date "2016.11.02"]
[Round "1"]
[White "Bojan"]
[Black "Francesco"]
[WhiteElo "1940"]
[BlackElo "1980"]
[Result "0-1"]
[Round "1"]
1.e4 e5
2.Bf1c4 Ng8f6
3.Qd1f3 Nb8c6
4.a3 Bf8c5
5.d3 Nc6d4
6.Qf3d1 O-O
7.h3 d5
8.exd5 Nf6xd5
9.Nb1d2 Bc8e6
10.Nd2e4 Bc5b6
11.c3 Nd4c6
12.Ng1f3 f5
13.Bc1g5 Qd8d7
14.Ne4g3 h6
15.Bg5d2 Ra8d8
16.Qd1e2 f4
17.Ng3e4 g5
18.Ne4xg5 hxg5
19.Nf3xg5 Qd7e7
20.Ng5xe6 Qe7xe6
21.Qe2f3 Nc6e7
22.Bc4a2 Qe6g6
23.O-O Rf8f7
24.c4 Ne7f5
25.cxd5 Nf5h4
26.Qf3e4 Qg6g5
27.Kh2 Rf7g7
28.d6 Kh8
29.dxc7 Rg7xc7
30.Bd2c3 Bb6d4
31.Bc3d2 Rc7c2
32.Bd2e1 Rc2xb2
33.Ba2e6 Rb2e2
34.Qe4xb7 Bd4xa1
35.Be6g4 Re2xe1
36.Rf1xe1 Ba1d4
37.Re1e2 Qg5g7
38.Qb7b5 Nh4g6
39.Re2c2 Qg7e7
40.Bg4f5 Rd8g8
41.Qb5a5 Bd4b6
42.Qa5a6 Qe7h4
43.g3 fxg3
44.fxg3 Qh4d4
45.Rc2g2 Ng6h4
46.Qa6b7 Nh4xf5
47.Qb7f3 Qd4d7
48.Qf3h5 Qd7h7
49.Qh5f3 Qh7g6
50.g4 Nf5h4
51.Qf3e2 Nh4xg2
52.Kxg2 Bb6d4
53.Kg3 Qg6d6
54.a4 Rg8f8
55.g5 Bd4f2
56.Kg4 Qd6d4
57.Kh5 Qd4h4
58.Kg6 Rf8g8
59.Kf6 Qh4xg5
60.Ke6 Rg8e8
61.Kd5 e4
62.Kc4 Qg5c5
63.Kb3 e3
64.Qe2g4 Re8b8
65.Ka2 Qc5c2
{ resign }
0-1

[Event "Tourn. n9008"]
[Site "www.chess-mail.com"]
[Date "2016.11.02"]
[Round "1"]
[White "Ztornad"]
[Black "Libiesse"]
[WhiteElo "1820"]
[BlackElo "1960"]
[Result "0-1"]
[Round "1"]
1.e4 c5
2.g3 e6
3.Bf1g2 Nb8c6
4.Ng1f3 b6
5.e5 Ng8e7
6.d4 cxd4
7.Nf3xd4 Bc8b7
8.b4 d5
9.Nd4xc6 Ne7xc6
10.Nb1c3 Nc6xb4
 { time }
0-1

[Event "Tourn. n8988"]
[Site "www.chess-mail.com"]
[Date "2016.11.02"]
[Round "1"]
[White "Ditto"]
[Black "Llcervello"]
[WhiteElo "1780"]
[BlackElo "1660"]
[Result "1-0"]
[Round "1"]
1.e4 e5
2.Ng1f3 d6
3.Bf1c4 Ng8f6
4.d4 Nf6g4
5.Bc1g5 f6
6.Bg5d2 c6
7.dxe5 Qd8b6
8.O-O Qb6xb2
9.Bd2c3 Qb2b6
10.exf6 Ng4xf6
11.Rf1e1 Nf6g4
12.Re1f1 h5
13.Nf3g5 Qb6c5
14.Bc4f7 Kd8
15.Bf7g6 Qc5xg5
16.Bg6f5 Bc8xf5
17.exf5 Qg5xf5
18.Nb1d2 d5
19.Nd2f3 Bf8c5
20.Ra1b1 Qf5f7
21.Qd1d2 b6
22.Qd2g5 Ke8
23.Rb1e1 Kd7
24.h3 Ng4f6
25.Nf3e5 Ke6
26.Ne5g6 { resign }
1-0

[Event "Tourn. n9008"]
[Site "www.chess-mail.com"]
[Date "2016.11.02"]
[Round "1"]
[White "Ztornad"]
[Black "Jackbauer"]
[WhiteElo "1820"]
[BlackElo "1940"]
[Result "0-1"]
[Round "1"]
1.e4 c5
2.g3 d5
3.Bf1g2 d4
4.d3 e5
5.Ng1f3 Nb8c6
6.Bc1d2 h6
7.Nf3h4 Bf8e7
8.Nh4f5 Be7f6
9.Nf5xg7 Bf6xg7
 { time }
0-1

[Event "Tourn. n8968"]
[Site "www.chess-mail.com"]
[Date "2016.11.02"]
[Round "1"]
[White "Fabos12"]
[Black "Norlavuaram"]
[WhiteElo "2080"]
[BlackElo "2150"]
[Result "0-1"]
[Round "1"]
1.Ng1f3 Ng8f6
2.d4 g6
3.c4 Bf8g7
4.Nb1c3 O-O
5.e4 d6
6.Bf1d3 c6
7.Bc1e3 Nb8d7
8.Qd1d2 Nf6g4
9.Be3f4 e5
10.dxe5 Ng4xe5
11.Nf3xe5 dxe5
12.Bf4h6 Nd7c5
13.Bd3c2 Bg7xh6
14.Qd2xh6 Nc5d3
15.Bc2xd3 Qd8xd3
16.Qh6d2 Qd3xc4
17.O-O-O Bc8e6
18.Qd2d3 Ra8d8
19.Qd3xc4 Be6xc4
20.f3 Rd8d4
21.b3 Bc4e6
22.Rd1xd4 exd4
23.Nc3e2 c5
24.Ne2f4 Rf8c8
25.Nf4xe6 fxe6
26.Kb2 e5
27.Rh1c1 b5
28.a3 Kf7
29.a4 a6
30.axb5 axb5
31.g4 g5
32.Rc1h1 Rc8c6
33.h4 h6
34.hxg5 hxg5
35.Rh1h7 Kg6
36.Rh7e7 Kf6
37.Re7b7 c4
38.Rb7xb5 c3
39.Kc1 Ke6
40.b4 d3
41.Rb5d5 d2
42.Kc2 Rc6d6
43.b5 Rd6xd5
44.exd5 Kxd5
45.Kxc3 d1Q
{ resign }
0-1

[Event "Tourn. n9033"]
[Site "www.chess-mail.com"]
[Date "2016.11.02"]
[Round "1"]
[White "Norlavuaram"]
[Black "Estonia"]
[WhiteElo "2200"]
[BlackElo "2070"]
[Result "1-0"]
[Round "1"]
1.e4 e5
2.Ng1f3 Nb8c6
3.Bf1b5 Ng8f6
4.O-O d6
5.Rf1e1 Bc8d7
6.c3 Bf8e7
7.d4 a6
8.Bb5a4 b5
9.Ba4b3 O-O
10.Nb1d2 Bd7g4
11.h3 Bg4e6
12.d5 Nc6a5
13.Bb3c2 Be6d7
14.Nd2f1 c6
15.dxc6 Bd7xc6
16.g4 Qd8c8
17.Nf1g3 Nf6xg4
18.hxg4 Qc8xg4
19.Nf3h2 Qg4xd1
20.Re1xd1 g6
21.Bc1h6 Rf8d8
22.Rd1f1 Be7f8
23.Bh6xf8 Rd8xf8
24.Ra1d1 Na5b7
25.Nh2g4 h5
26.Ng4f6 Kg7
27.Nf6d5 Bc6xd5
28.Rd1xd5 Ra8c8
29.Bc2b1 f5
30.exf5 gxf5
31.Ng3xf5 Kf6
32.Nf5e3 Rc8c5
33.Rd5xc5 Nb7xc5
34.Kh2 Nc5e6
35.Bb1e4 Ne6f4
36.Ne3d5 Kg5
37.Rf1g1 Kh6
38.Nd5xf4 Rf8xf4
39.Rg1g6 Kh7
40.Rg6g4 Kh8
41.Rg4xf4 exf4
42.Be4f3 { resign }
1-0

[Event "Tourn. n9007"]
[Site "www.chess-mail.com"]
[Date "2016.11.02"]
[Round "1"]
[White "Azulmarino"]
[Black "Falcoale"]
[WhiteElo "1580"]
[BlackElo "1700"]
[Result "0-1"]
[Round "1"]
1.e4 c5
2.c4 Nb8c6
3.Ng1f3 e6
4.a3 b6
5.Nb1c3 Bc8b7
6.d4 cxd4
7.Nf3xd4 a6
8.Bc1e3 Ng8f6
9.Be3g5 Bf8e7
10.Bf1d3 Nc6xd4
11.Bg5e3 e5
12.Be3xd4 exd4
13.Nc3e2 O-O
14.Ne2xd4 Nf6xe4
15.O-O Be7f6
16.Qd1f3 Bf6xd4
17.Bd3xe4 Bb7xe4
18.Qf3xe4 Bd4xb2
19.Ra1a2 Bb2f6
20.Rf1d1 Rf8e8
21.Qe4g4 Re8e7
22.Rd1d6 Ra8c8
23.Rd6xf6 Re7e1
{ resign }
0-1

[Event "Match"]
[Site "www.echecsemail.com"]
[Date "2016.11.02"]
[Round "1"]
[White "Pariolinius"]
[Black "Ztornad"]
[WhiteElo "1880"]
[BlackElo "1820"]
[Result "1-0"]
[Round "1"]
1.e4 e5
2.Nb1c3 Nb8c6
3.d3 g6
4.f4 Bf8h6
5.Ng1f3 exf4
6.Bf1e2 Bh6g7
7.Bc1xf4 d6
8.Qd1d2 h6
9.O-O-O Nc6d4
10.Nf3xd4  { time }
1-0

[Event "Match"]
[Site "www.echecsemail.com"]
[Date "2016.11.02"]
[Round "1"]
[White "Oseanvega"]
[Black "Guidom"]
[WhiteElo "1749"]
[BlackElo "2140"]
[Result "0-1"]
[Round "1"]
1.d4 d5
2.c4 Ng8f6
3.cxd5 Qd8xd5
4.Nb1c3 Qd5a5
5.Bc1d2 c6
6.Ng1f3 Bc8g4
7.Nf3e5 Bg4h5
8.Qd1b3 Qa5c7
9.Bd2f4 Qc7b6
{ resign }
0-1

[Event "Match"]
[Site "www.echecsemail.com"]
[Date "2016.11.02"]
[Round "1"]
[White "Pariolinius"]
[Black "Coraza8091"]
[WhiteElo "1890"]
[BlackElo "1490"]
[Result "1-0"]
[Round "1"]
1.e4 e5
2.Ng1f3 Nb8c6
3.Bf1c4 h6
4.O-O b6
5.d3 Bc8b7
6.Nb1d2 Qd8f6
7.a3 a6
8.Bc4d5 Nc6d8
9.Bd5xb7 Nd8xb7
10.Nd2c4 b5
11.Nc4xe5 Bf8d6
12.Ne5g4 Qf6e6
13.h3  { time }
1-0

[Event "Match"]
[Site "www.echecsemail.com"]
[Date "2016.11.02"]
[Round "1"]
[White "Mrmoto"]
[Black "Coraza"]
[WhiteElo "1640"]
[BlackElo "1830"]
[Result "1-0"]
[Round "1"]
1.e4 e5
2.Ng1f3 Nb8c6
3.Bf1b5 Nc6d4
4.Nf3xd4 exd4
5.O-O a6
6.Bb5a4 Ng8f6
7.Rf1e1 Bf8c5
8.d3 O-O
9.a3 b5
10.Ba4b3 b4
11.Bc1g5 h6
12.Bg5h4 Bc8b7
13.f3 Bc5d6
14.g3 g5
15.Bh4xg5 hxg5
16.e5 Nf6d5
17.exd6 Nd5e3
18.Qd1d2 Bb7xf3
19.Qd2xb4 c6
20.Qb4xd4 Ne3f5
21.Qd4f2 g4
22.Nb1d2 Qd8f6
23.Nd2xf3 gxf3
24.Qf2xf3 Qf6d4
25.Kh1 Nf5xd6
26.Re1e7 Ra8d8
27.Ra1e1 Nd6c8
28.Bb3xf7 Kg7
29.Re1e4 Qd4f6
30.Re4g4 Kh7
31.Qf3xf6 { resign }
1-0

[Event "Match"]
[Site "www.echecsemail.com"]
[Date "2016.11.02"]
[Round "1"]
[White "Ericleo1980"]
[Black "Genius5"]
[WhiteElo "2200"]
[BlackElo "1620"]
[Result "1-0"]
[Round "1"]
1.e4 e6
2.d4 d5
3.Nb1c3 dxe4
4.Nc3xe4 Nb8d7
5.Ng1f3 Ng8f6
6.Bf1d3 Nf6xe4
7.Bd3xe4 Nd7f6
8.Be4d3 c5
9.Bc1g5 cxd4
10.Nf3xd4 Bf8e7
11.O-O Bc8d7
12.Qd1f3  { time }
1-0

[Event "Match"]
[Site "www.echecsemail.com"]
[Date "2016.11.02"]
[Round "1"]
[White "Bluetealeaf"]
[Black "Ztornad"]
[WhiteElo "1750"]
[BlackElo "1790"]
[Result "1-0"]
[Round "1"]
1.e4 e5
2.Ng1f3 f6
3.d4 Nb8c6
4.c3 exd4
5.Nf3xd4 Nc6e5
6.Bf1e2 c5
7.Nd4f5 g6
8.Nf5e3 Bf8h6
9.Qd1d5 d6
10.Nb1d2 Ng8e7
11.Qd5b3 a6
12.Ne3c4 Ne7c6
13.Nc4xd6 Qd8xd6
14.Nd2c4 Bh6d2
15.Nc4xd2 Nc6a5
16.Qb3c2 f5
17.f4 Ne5g4
18.Qc2a4 Na5c6
19.Be2b5 Bc8d7
20.e5 Qd6d5
21.Rh1g1 Ra8a7
22.Bb5xc6 Bd7xc6
23.Qa4c2 Ng4e3
24.Qc2b1 Ne3xg2
25.Ke2 Ng2xf4
26.Kd1 Nf4d3
27.c4 Qd5d8
28.Rg1g3  { time }
1-0

[Event "1/128 Finale"]
[Site "www.chess-mail.com"]
[Date "2016.11.02"]
[Round "1"]
[White "Egdiogel"]
[Black "Bevittsmith"]
[WhiteElo "2250"]
[BlackElo "2260"]
[Result "1-0"]
[Round "1"]
1.e4 e6
2.d4 d5
3.Nb1c3 Bf8b4
4.a3 Bb4xc3
5.bxc3 c5
6.e5 Qd8c7
7.Qd1g4 f6
8.Bf1d3 c4
9.Bd3xh7 Rh8xh7
10.Qg4g6 Qc7f7
11.Qg6xh7 Nb8c6
12.Ng1e2 Bc8d7
13.Ne2g3 O-O-O
14.Qh7h5 Qf7e7
15.a4 Bd7e8
16.Qh5e2 fxe5
17.dxe5 Qe7h4
18.Bc1e3 Ng8e7
19.a5 { resign }
1-0

[Event "Eq:SIETE ESTRELLAS VERDES-Los Tercios : "]
[Site "www.chess-mail.com"]
[Date "2016.11.02"]
[Round "1"]
[White "Azorau"]
[Black "Susov"]
[WhiteElo "2020"]
[BlackElo "1850"]
[Result "1/2-1/2"]
[Round "1"]
1.e4 e5
2.Bf1c4 Ng8f6
3.Nb1c3 Bf8c5
4.Ng1f3 d6
5.Nf3g5 O-O
6.O-O Nf6g4
7.Ng5f3 Nb8c6
8.d3 h6
9.Nc3e2 a6
10.h3 Ng4xf2
11.Rf1xf2 Bc5xf2
12.Kxf2 Qd8f6
13.Ne2g3 Nc6d4
14.c3 Nd4xf3
15.Qd1xf3 Qf6xf3
16.Kxf3 Bc8d7
17.Bc1e3 b5
18.Bc4d5 c6
19.Bd5b3 Kh7
20.Be3b6 f5
21.Ke2 f4
22.Ng3f1 g5
23.Bb6c7 Rf8f6
24.Nf1h2 h5
25.Ra1f1 Ra8f8
26.Nh2f3 Kh6
27.a4 g4
28.hxg4 Bd7xg4
29.Bb3d1 Bg4xf3
30.gxf3 Rf8g8
31.Kf2 h4
32.Rf1h1 h3
33.Rh1xh3 Kg7
34.Rh3h1 Kf8
35.Rh1h7 Rg8g7
36.Rh7xg7 Kxg7
37.Bc7d8 Rf6h6
38.Bd8g5 Rh6h2
39.Ke1 Kf7
40.Bd1b3 Ke8
41.axb5 axb5
42.c4 Rh2xb2
43.Bb3d1 b4
44.Bd1a4 Kd7
45.Bg5h4 b3
46.Kd1 Rb2b1
47.Kd2 Rb1f1
48.Ba4xb3 Rf1xf3
49.Bb3a4 Rf3h3
50.Bh4e1 Rh3h2
51.Kd1 f3
52.Be1g3 Rh2a2
53.Ba4c2 c5
54.Bc2b3 f2
55.Bg3xf2 Ra2xf2
56.Ke1 Rf2b2
57.Bb3a4 Ke6
58.Ba4c6 Kf6
59.Kd1 Kg5
60.Bc6d7 Kf4
61.Kc1 Rb2f2
62.Bd7a4 Ke3
63.Ba4c2 { draw }
1/2-1/2

[Event "Eq:Latinoamerica-Los Tercios : "]
[Site "www.chess-mail.com"]
[Date "2016.11.02"]
[Round "1"]
[White "Vitoriccardo"]
[Black "Ericleo1980"]
[WhiteElo "2010"]
[BlackElo "2230"]
[Result "0-1"]
[Round "1"]
1.d4 d5
2.c4 c6
3.cxd5 cxd5
4.Nb1c3 Ng8f6
5.e3 Nb8c6
6.Bf1d3 Bc8g4
7.f3 Bg4d7
8.Ng1e2 g6
9.O-O Bf8g7
 { time }
0-1

[Event "Tourn. n8968"]
[Site "www.chess-mail.com"]
[Date "2016.11.03"]
[Round "1"]
[White "B0zata"]
[Black "Fabos12"]
[WhiteElo "2280"]
[BlackElo "2080"]
[Result "1-0"]
[Round "1"]
1.c4 Nb8c6
2.d4 d5
3.e3 Bc8f5
4.a3 Ng8f6
5.Nb1c3 e6
6.Ng1e2 h6
7.Ne2g3 Bf5h7
8.Bf1d3 Bf8e7
9.Bd3xh7 Nf6xh7
10.cxd5 exd5
11.Ng3f5 O-O
12.Nf5xe7 Qd8xe7
13.Nc3xd5 Qe7e4
14.Qd1f3 Qe4xf3
15.gxf3 Ra8c8
16.Ke2 f5
17.f4 Nh7f6
18.Nd5xf6 Rf8xf6
19.Bc1d2 Rc8e8
20.Ra1c1 Nc6xd4
21.Kf1 Nd4f3
22.Ke2 Nf3xd2
23.Kxd2 Rf6d6
24.Ke2 c6
25.Rc1c5 g6
26.Rh1g1 Kf7
27.h4 h5
28.Rg1d1 Re8d8
29.Rd1xd6 Rd8xd6
30.f3 Ke6
31.a4 Rd6d5
32.Rc5c4 a5
33.b4 axb4
34.Rc4xb4 b5
35.a5 Rd5d7
36.Rb4b2 Rd7a7
37.Rb2a2 Kd5
38.Kd3 c5
39.e4 fxe4
40.fxe4 Ke6
41.a6 c4
42.Kc3 Kd6
43.Kb4 Kc6
44.Ra2a5 c3
45.Kxc3 Kb6
46.Kb4 Ra7xa6
47.Ra5xa6 Kxa6
48.f5 gxf5
49.exf5 { resign }
1-0

[Event "Tourn. n9022"]
[Site "www.chess-mail.com"]
[Date "2016.11.03"]
[Round "1"]
[White "Drawlward"]
[Black "Foxy100"]
[WhiteElo "2490"]
[BlackElo "2310"]
[Result "1-0"]
[Round "1"]
1.e4 e5
2.Nb1c3 Ng8f6
3.Bf1c4 Nb8c6
4.d3 h6
5.Ng1f3 d6
6.h3 Nc6a5
7.Bc4b3 Na5xb3
8.axb3 c5
9.O-O Bf8e7
10.Nf3d2 Bc8e6
11.Nd2c4 a6
12.Nc4e3 O-O
13.Qd1f3 b5
14.Bc1d2 Rf8e8
15.Ra1e1 Qd8d7
16.Qf3g3 Nf6h5
17.Qg3f3 Nh5f4
18.Nc3d5 Be6xd5
19.exd5 Be7g5
20.h4 Bg5xh4
21.g3 Nf4h3
22.Kg2 Bh4f6
23.Qf3g4 Qd7xg4
24.Ne3xg4 Nh3g5
25.Ng4xf6 gxf6
26.f4 Ng5h7
27.fxe5 Re8xe5
28.c4 Ra8b8
29.Bd2f4 Re5xe1
30.Rf1xe1 bxc4
31.bxc4 Rb8b6
32.b4 cxb4
33.d4 { resign }
1-0

[Event "Tourn. n8995"]
[Site "www.chess-mail.com"]
[Date "2016.11.03"]
[Round "1"]
[White "Mitja"]
[Black "Luban"]
[WhiteElo "1960"]
[BlackElo "1990"]
[Result "1/2-1/2"]
[Round "1"]
1.d4 d5
2.e3 e6
3.c3 c5
4.dxc5 Bf8xc5
5.Qd1g4 Qd8f6
6.Nb1d2 Nb8c6
7.Nd2b3 e5
8.Qg4f3 Qf6xf3
9.Ng1xf3 Bc5d6
10.h3 f6
11.Bf1e2 Bc8e6
12.O-O Ng8e7
13.Nb3d2 Kf7
14.b3 a6
15.Bc1b2 b5
16.Rf1d1 Ne7f5
17.e4 Nf5e7
18.exd5 Ne7xd5
19.Nd2e4 Bd6e7
20.c4 Nd5f4
21.Be2f1 b4
22.Kh2 Rh8d8
23.g3 Nf4g6
24.Bf1g2 Ra8c8
25.a3 a5
26.axb4 axb4
27.Bg2f1 h6
28.Bf1e2 f5
29.Ne4d2 Be7f6
30.Ra1b1 e4
31.Bb2xf6 Kxf6
32.Nf3g1 Rd8d4
33.Nd2f1 Rc8d8
34.Rd1xd4 Rd8xd4
35.Rb1d1 Rd4xd1
36.Be2xd1 Ng6e5
37.f3 exf3
38.Ng1xf3 Ne5xf3
39.Bd1xf3 Nc6d4
40.Bf3d1 g5
41.Nf1e3 f4
42.Ne3g4 Be6xg4
43.hxg4 Ke5
44.Kg2 Ke4
45.gxf4 gxf4
46.Kf2 Kd3
47.c5 Ke4
48.c6 Nd4b5
49.Bd1e2 Nb5c7
50.Be2c4 f3
51.Kg3 Ke3
52.Kh4 Kf4
53.Kh3 Ke3
54.Kh4 f2
55.Kh5 Kf4
56.Kh4 Ke3
{ draw }
1/2-1/2

[Event "Tourn. n9025"]
[Site "www.chess-mail.com"]
[Date "2016.11.03"]
[Round "1"]
[White "Ranjachess"]
[Black "Roque1"]
[WhiteElo "1760"]
[BlackElo "1650"]
[Result "0-1"]
[Round "1"]
1.d4 d5
2.Nb1c3 Ng8f6
3.Bc1f4 Nb8c6
4.e3 g6
5.Bf1d3 Bf8g7
6.h3 O-O
7.Ng1f3 Bc8d7
8.Nf3e5 a6
9.Ne5xc6 bxc6
10.e4 e6
11.Bf4e5 Qd8e7
12.Be5xc7 Nf6e8
13.Bc7b6 Qe7b4
14.Bb6c5 Qb4xb2
15.Nc3e2 Ne8f6
16.Bc5xf8 Bg7xf8
17.e5 Bf8b4
18.c3 Bb4xc3
19.Ne2xc3 Qb2xc3
20.Ke2 Nf6h5
21.g3 Qc3xd4
22.Kd2 Qd4xf2
23.Qd1e2 Qf2xg3
24.Bd3xa6 Qg3a3
25.Qe2d3 Qa3b2
26.Qd3c2 Qb2xe5
27.Ba6b7 Ra8b8
28.Ra1b1 Nh5g3
29.Rh1e1 Ng3e4
30.Kd3 Qe5g3
31.Ke2 Ne4c3
32.Kd2 Nc3xb1
33.Re1xb1 Qg3xh3
34.a4 Qh3g2
35.Kc3 Qg2xc2
36.Kxc2 e5
37.a5 Bd7f5
38.Kc1 Bf5xb1
39.a6 Bb1f5
40.a7 Rb8d8
41.Bb7xc6 Rd8c8
42.Kd2 d4
43.a8Q Rc8xa8
44.Bc6xa8 e4
45.Ba8d5 h5
46.Ke2 h4
47.Kf2 g5
48.Bd5b3 h3
49.Kg3 d3
50.Bb3d1 e3
51.Kf3 h2
52.Kg2 e2
53.Bd1xe2 dxe2
54.Kf2 h1Q
55.Kxe2 Qh1e4
56.Kf2 Bf5g4
57.Kg3 Qe4f3
58.Kh2 Bg4h3
{ resign }
0-1

[Event "Tourn. n9001"]
[Site "www.chess-mail.com"]
[Date "2016.11.03"]
[Round "1"]
[White "Hansen"]
[Black "Falcoale"]
[WhiteElo "1610"]
[BlackElo "1640"]
[Result "0-1"]
[Round "1"]
1.e4 c5
2.d4 cxd4
3.Qd1xd4 Nb8c6
4.Qd4c4 Ng8f6
5.Ng1f3 e6
6.e5 Nf6d5
7.Bc1g5 Bf8e7
8.h4 h6
9.Bg5xe7 Nd5xe7
10.g4 Ne7g6
11.h5 Ng6xe5
12.Nf3xe5 Nc6xe5
13.Qc4d4 Ne5f3
14.Kd1 Nf3xd4
15.c3 Nd4f3
16.Rh1h3 Nf3g5
17.Rh3e3 b6
18.Bf1g2 O-O
19.Nb1d2 Ra8b8
20.Nd2c4 d5
21.Nc4e5 Bc8b7
22.b4 d4
23.Re3d3 Bb7a6
24.Rd3xd4 Qd8c7
25.Ne5d7 Rb8d8
26.Ra1c1 Rd8xd7
27.a4 Rf8d8
28.b5 Ba6b7
29.Bg2f1 Rd7xd4
30.cxd4 Rd8xd4
{ resign }
0-1

[Event "Tourn. n8920"]
[Site "www.chess-mail.com"]
[Date "2016.11.03"]
[Round "1"]
[White "Ztornad"]
[Black "Osopanda"]
[WhiteElo "1820"]
[BlackElo "1990"]
[Result "0-1"]
[Round "1"]
1.e4 c5
2.Bf1c4 e6
3.Ng1e2 Nb8c6
4.Ne2f4 d6
5.Qd1e2 Ng8f6
6.Nf4h5 Nf6xh5
7.Qe2xh5 Bf8e7
8.c3 O-O
9.O-O Nc6e5
10.Bc4e2 Rf8e8
11.d4 cxd4
12.cxd4 Ne5g6
13.Nb1d2 Ng6f4
14.Be2f3 Nf4xh5
15.Bf3xh5 e5
16.f3 Bc8d7
17.d5 Ra8c8
18.b3 g6
19.Bh5g4 Bd7xg4
20.fxg4 f6
21.Nd2f3 Qd8b6
22.Kh1 Rc8c2
23.Nf3d2 Qb6d4
24.Ra1b1 Re8c8
25.Nd2f3 Qd4xe4
26.Rf1e1 Rc2e2
27.Bc1d2 Re2xe1
28.Rb1xe1 Qe4xd5
29.Re1d1 Qd5c6
30.Nf3g1 Qc6c2
31.Rd1c1 Qc2xc1
32.Bd2xc1 Rc8xc1
33.g3 e4
34.Kg2 Rc1c2
35.Kh3 d5
36.a4 d4
37.g5 f5
38.g4 e3
 { time }
0-1

[Event "Tourn. n9006"]
[Site "www.chess-mail.com"]
[Date "2016.11.03"]
[Round "1"]
[White "Manuelito"]
[Black "Geretree"]
[WhiteElo "1710"]
[BlackElo "1890"]
[Result "0-1"]
[Round "1"]
1.d4 d5
2.e3 Ng8f6
3.Ng1f3 Nb8c6
4.c4 Bc8f5
5.cxd5 Nf6xd5
6.a3 e6
7.Bf1d3 Bf8d6
8.O-O O-O
9.Bd3xf5 exf5
10.Qd1b3 h6
11.g3 Nd5f6
12.Nb1c3 Ra8b8
13.Qb3c2 Qd8d7
14.b4 Rf8e8
15.Bc1b2 Nf6e4
16.Nc3xe4 fxe4
17.Nf3d2 Qd7f5
18.Rf1e1 Nc6e7
19.Nd2xe4 Ne7d5
20.Ra1c1 Qf5xe4
21.Qc2xe4 Re8xe4
22.Rc1c2 Rb8e8
23.Kg2 b5
24.Bb2c1 g5
25.f3 Nd5xe3
{ resign }
0-1

[Event "Tourn. n9008"]
[Site "www.chess-mail.com"]
[Date "2016.11.03"]
[Round "1"]
[White "Luban"]
[Black "Libiesse"]
[WhiteElo "2010"]
[BlackElo "1960"]
[Result "0-1"]
[Round "1"]
1.d4 d5
2.Ng1f3 e6
3.e3 Ng8f6
4.a3 c5
5.c4 cxd4
6.exd4 Bf8e7
7.Bf1e2 dxc4
8.Be2xc4 O-O
9.h3 Qd8b6
10.Qd1c2 Rf8d8
11.Bc1e3 Nf6d5
12.Bc4xd5 exd5
13.Nb1c3 Bc8e6
14.O-O Rd8c8
15.Ra1c1 Nb8c6
16.Rf1d1 Be7f6
17.b4 Nc6e7
18.Qc2b2 Rc8c6
19.Nc3a4 Qb6c7
20.Rc1xc6 Qc7xc6
21.Na4c5 Be6f5
22.Rd1c1 b6
23.Nc5e4 Qc6e6
24.Ne4xf6 Qe6xf6
25.Rc1c7 Ra8c8
26.Be3g5 Qf6d6
27.Rc7xe7 f6
28.Re7xa7 fxg5
29.Nf3xg5 Qd6f4
30.g3 Qf4xg5
31.Qb2e2 Rc8c1
32.Kh2 Bf5e4
{ resign }
0-1

[Event "Tourn. n9004"]
[Site "www.chess-mail.com"]
[Date "2016.11.03"]
[Round "1"]
[White "Julian"]
[Black "Attatroll"]
[WhiteElo "1990"]
[BlackElo "1930"]
[Result "0-1"]
[Round "1"]
1.e4 d6
2.d4 Ng8f6
3.Nb1c3 g6
4.f4 Bf8g7
5.Ng1f3 c5
6.d5 O-O
7.Bf1e2 a6
8.O-O Qd8b6
9.Kh1 Bc8g4
10.h3 Bg4d7
11.g4 Rf8e8
12.Ra1b1 Nf6xg4
13.hxg4 Bg7xc3
14.bxc3 Qb6xb1
15.e5 Bd7xg4
16.Nf3g5 Bg4xe2
17.Qd1xe2 Qb1b5
18.c4 Qb5b4
19.Rf1f3 Nb8d7
20.c3 Qb4b1
21.Rf3f1 f6
22.exf6 Nd7xf6
23.Qe2e6 Kh8
24.Qe6f7 Qb1f5
25.Rf1f2 Re8f8
26.Qf7xe7 Ra8e8
27.Qe7xd6 Re8e1
28.Kg2 Qf5g4
{ resign }
0-1

[Event "Tourn. n9027"]
[Site "www.chess-mail.com"]
[Date "2016.11.03"]
[Round "1"]
[White "Norlavuaram"]
[Black "Tonino1"]
[WhiteElo "2210"]
[BlackElo "2030"]
[Result "1-0"]
[Round "1"]
1.e4 c6
2.d4 d5
3.Nb1d2 dxe4
4.Nd2xe4 Nb8d7
5.Bf1d3 Ng8f6
6.Ne4g3 e6
7.Ng1f3 Bf8d6
8.Ng3e4 Nf6xe4
9.Bd3xe4 Nd7f6
10.Be4d3 O-O
11.O-O Qd8c7
12.c3 h6
13.Qd1c2 Bd6f4
14.Nf3e5 Bf4xe5
15.dxe5 Qc7xe5
16.Rf1e1 Qe5a5
17.Bc1f4 b6
18.Re1e5 c5
19.b4 Qa5a3
20.Bf4c1 { resign }
1-0

[Event "Tourn. n9023"]
[Site "www.chess-mail.com"]
[Date "2016.11.03"]
[Round "1"]
[White "Prize640"]
[Black "Guidom"]
[WhiteElo "2219"]
[BlackElo "2170"]
[Result "1-0"]
[Round "1"]
1.e4 e5
2.Bf1c4 Nb8c6
3.Ng1f3 d6
4.c3 Bf8e7
5.d3 Ng8f6
6.O-O O-O
7.Bc4b3 Bc8g4
8.Nb1d2 Qd8d7
9.h3 Bg4h5
10.Rf1e1 a5
11.Nd2f1 b5
12.Nf1g3 Bh5g6
13.Nf3h4 a4
14.Bb3c2 Nc6d8
15.Nh4f5 Nd8e6
16.d4 exd4
17.cxd4 c5
18.d5 Ne6c7
19.Nf5xe7 Qd7xe7
20.Bc1g5 h6
21.Bg5h4 Qe7e5
22.Qd1c1 Rf8e8
23.f3 b4
24.Ng3e2 c4
25.Bh4g3 Qe5e7
26.Ne2d4 Qe7d7
27.Nd4c6 b3
28.axb3 axb3
29.Ra1xa8 Re8xa8
30.Bc2b1 Ra8a4
31.Kh2 Nc7b5
32.Bg3h4 Nf6e8
33.e5 Bg6xb1
34.Qc1xb1 dxe5
35.Re1xe5 Nb5d6
36.Re5e7 Qd7c8
37.Bh4g3 g6
38.Re7xe8 Qc8xe8
39.Bg3xd6 Ra4a6
40.Qb1c1 Kh7
41.Qc1xc4 Ra6a1
42.Qc4f4 h5
43.Qf4f6 Ra1d1
44.Bd6e5 Qe8f8
45.d6 Rd1d2
46.Nc6d8 Qf8h6
47.Qf6h8 { resign }
1-0

[Event "Tourn. n9019"]
[Site "www.chess-mail.com"]
[Date "2016.11.03"]
[Round "1"]
[White "Umutkrc"]
[Black "Picifarkinca"]
[WhiteElo "1920"]
[BlackElo "1930"]
[Result "0-1"]
[Round "1"]
1.e3 Ng8f6
2.d4 d5
3.h3 e6
4.a3 c5
5.b3 Nb8c6
6.dxc5 Bf8xc5
7.b4 Bc5d6
8.Bc1b2 O-O
9.Nb1d2 Qd8e7
10.c4 Bd6e5
11.Bb2xe5 Nc6xe5
12.c5 Bc8d7
13.Ng1f3 Ne5xf3
14.gxf3 Rf8c8
15.Nd2b3 Bd7a4
16.Rh1g1 b6
17.Qd1d3 Ba4xb3
18.Qd3xb3 bxc5
19.Ra1c1 cxb4
20.Rc1xc8 Ra8xc8
21.Qb3xb4 Qe7c7
22.Qb4b2 Qc7c3
23.Qb2xc3 Rc8xc3
24.a4 Nf6d7
25.Kd2 Rc3c7
26.Bf1b5 Nd7e5
27.Bb5e2 Ne5c4
28.Be2xc4 Rc7xc4
29.Rg1c1 Rc4xc1
30.Kxc1 Kf8
31.Kc2 Ke7
32.Kc3 a5
33.Kd4 Kd6
34.e4 e5
35.Kd3 d4
36.Kc4 Kc6
37.f4 f6
38.fxe5 fxe5
39.f4 exf4
40.Kxd4 g5
41.e5 h5
42.Ke4 f3
43.Kxf3 Kd5
{ resign }
0-1

[Event "Tourn. n8990"]
[Site "www.chess-mail.com"]
[Date "2016.11.03"]
[Round "1"]
[White "Mao"]
[Black "Cal"]
[WhiteElo "1690"]
[BlackElo "1670"]
[Result "1-0"]
[Round "1"]
1.e4 e5
2.Ng1f3 d6
3.d4 exd4
4.Nf3xd4 c5
5.Nd4f3 h6
6.Nb1c3 Ng8f6
7.Bf1b5 Bc8d7
8.O-O a6
9.Bb5xd7 Nb8xd7
10.Bc1f4 Bf8e7
11.Bf4xd6 O-O
12.e5 Nf6h7
13.Nc3d5 Be7xd6
14.exd6 b5
15.Nd5e7 Kh8
16.Rf1e1 Nh7f6
17.Qd1d3 c4
18.Qd3d4 a5
19.Ra1d1 Ra8c8
20.Nf3e5 Rc8c5
21.Ne5c6 Qd8e8
22.Ne7g6 fxg6
23.Re1xe8 Rf8xe8
24.Nc6xa5 Rc5d5
25.Qd4xd5 Nf6xd5
26.g3 Nd7f6
27.Na5c6 Re8e2
28.d7 Nf6xd7
29.Rd1xd5 Re2e1
30.Kg2 Nd7f6
31.Rd5xb5 Re1e2
32.Nc6d4 Re2d2
33.c3 Nf6e4
34.a4 Rd2xf2
35.Kg1 Rf2d2
36.a5 Ne4d6
37.Rb5b8 Kh7
38.a6 Rd2d1
39.Kg2 Nd6e4
40.a7 h5
41.a8Q g5
42.Qa8xe4 g6
43.Qe4e5 Rd1d2
44.Kf1 Rd2xh2
45.Qe5h8 { resign }
1-0

[Event "Tourn. n8965"]
[Site "www.chess-mail.com"]
[Date "2016.11.03"]
[Round "1"]
[White "Vasylpuzanov"]
[Black "Genius5"]
[WhiteElo "1730"]
[BlackElo "1620"]
[Result "1-0"]
[Round "1"]
1.e4 e5
2.f4 exf4
3.Ng1f3 h6
4.d4 g5
5.Bf1e2 Bf8g7
6.O-O d6
7.h3 Ng8e7
8.Nb1c3 O-O
9.Be2c4 c6
10.Qd1d3 Bc8e6
11.Bc4b3 d5
12.e5 Nb8d7
13.Bc1d2 Be6f5
14.Qd3e2 Bf5g6
15.Ra1e1  { time }
1-0

[Event "Tourn. n9046"]
[Site "www.chess-mail.com"]
[Date "2016.11.03"]
[Round "1"]
[White "Malbertan"]
[Black "Bojan"]
[WhiteElo "2050"]
[BlackElo "1960"]
[Result "0-1"]
[Round "1"]
1.e4 g5
2.d4 h6
3.h4 gxh4
4.Bf1c4 e6
5.Nb1c3 Bf8e7
6.Ng1f3 Nb8c6
7.Bc1f4 Nc6a5
8.Bc4d3 b6
9.Qd1d2 Bc8b7
10.O-O-O Rh8h7
11.e5 Rh7g7
12.Nf3e1 a6
13.Bf4xh6 Ng8xh6
14.Qd2xh6 Be7g5
15.Qh6xg5 Qd8xg5
{ resign }
0-1

[Event "Match"]
[Site "www.echecsemail.com"]
[Date "2016.11.03"]
[Round "1"]
[White "Pellix84"]
[Black "Ztornad"]
[WhiteElo "1990"]
[BlackElo "1820"]
[Result "1-0"]
[Round "1"]
1.d4 g6
2.e4 d5
3.e5 Bc8f5
4.Bc1e3 a6
5.Ng1e2 Nb8c6
6.Ne2g3 Bf5e6
7.a3 Ng8h6
8.h3  { time }
1-0